History Quiz

Random History or Politics Quiz

Original Constitutional Words Quiz Stats

Quiz Updated Sep 28, 2017

Also try: Click Your Rights!
Challenge
Share
Tweet
Embed
Score 0/15 Timer 02:00
0 Plays Today
% Correct
People
88.8%
We
88.2%
Union
84.7%
Congress
80.9%
State
79.2%
Equal
76.9%
Citizen
76.4%
Supreme
71.8%
% Correct
Office
66.1%
Treaty
64%
Treason
58.2%
Money
35.8%
Navy
34.1%
Indian
21.6%
Sundays
17.8%

You're not logged in!

Compare scores with friends on all Sporcle quizzes.
Sign Up with Email
OR
Log In

You Might Also Like...

Show Comments

Extras

Top Quizzes Today


Score Distribution

Your Account Isn't Verified!

In order to create a playlist on Sporcle, you need to verify the email address you used during registration. Go to your Sporcle Settings to finish the process.

Report this User

Report this user for behavior that violates our Community Guidelines.

Details: